Catecismo de la Iglesia Católica

Gorde:
Xehetasun bibliografikoak
Formatua: Liburua
Hizkuntza:gaztelania
Argitaratua: Buenos Aires Lumen 1992
Edizioa:1a. ed
Gaiak:
Etiketak: Etiketa erantsi
Etiketarik gabe, Izan zaitez lehena erregistro honi etiketa jartzen!

MARC

LEADER 00000cam a2200000 a 4500
001 UCE0461
003 CL-VaPUC
008 140116e19920000ag |||||||||||||||||spa|d
020 |a 9507249370 
082 0 4 |a 238.2  |b CAT  |2 21 
245 1 0 |a Catecismo de la Iglesia Católica 
250 |a 1a. ed 
300 |a 738 p 
942 |c BK 
945 |d 20140116 11:53:00  |a dcastane 
260 |a Buenos Aires  |b Lumen  |c 1992 
500 |a nueva versión con las últimas modificaciones para la edición española 
650 7 |a CATECISMO Y CREDOS  |2 CL-VaPUC  |9 392469 
650 0 |a Catolicismo  |9 258690 
650 0 |a Iglesia Católica  |9 256114 
650 7 |a EVANGELIZACION  |2 CL-VaPUC  |9 572815 
583 |a last modification  |c 20140116 11:53:00  |k Rodrigo Vera 
999 |c 354582  |d 354580 
952 |0 0  |1 0  |3 erb  |4 0  |6 238_200000000000000_CAT_1992  |7 0  |8 A  |9 460542  |a BIBEDU  |b BIBEDU  |i 5051452  |l 1  |o 238.2 CAT 1992  |p 5051452  |r 2024-04-15  |s 2024-04-11  |w 2019-11-23  |y BK  |z Catalogado en:20140116  |k EPE 
952 |0 0  |1 0  |3 erb  |4 0  |6 238_200000000000000_CAT_1992  |7 0  |8 A  |9 460543  |a BIBEDU  |b BIBEDU  |i 5051460  |o 238.2 CAT 1992  |p 5051460  |r 2019-11-23  |w 2019-11-23  |y BK  |z Catalogado en:20140116  |k EPE